| 000 | 01362nam a2200481 a 4500 | ||
|---|---|---|---|
| 008 | 250313e2014 ag ||||f |||| 001 0 spa d | ||
| 092 |
_c616.025 _l26 _sFOS |
||
| 100 | 1 |
_aFosco, Matias _94297 |
|
| 245 |
_aEmergencias / _cMatias Fosco |
||
| 250 |
_a2a ed. _bEd. Garcia, Eduardo. |
||
| 260 |
_aCiudad Autonoma de Buenos Aires: _bEdimed Ediciones Médicas, _c2014. |
||
| 300 |
_a552 p. _b28x20cm |
||
| 500 | _aFosco, M. (2014). Emergencias. (2da ed.). Ciudad Autónoma de Buenos Aires : Edimed Ediciones Médicas. | ||
| 653 | _aResucitación | ||
| 653 | _aNeumonología | ||
| 653 | _aCardiología | ||
| 653 | _aNeurología | ||
| 653 | _aNefrología | ||
| 653 | _aMedio interno | ||
| 653 | _aUrología | ||
| 653 | _aGastroenterología | ||
| 653 | _aHepatología | ||
| 653 | _aEndocrinología | ||
| 653 | _aInmunología | ||
| 653 | _aInfectología | ||
| 653 | _aOrtopedia | ||
| 653 | _aTrauma | ||
| 653 | _aMedio ambiente | ||
| 653 | _aToxicología | ||
| 653 | _aOftalmología | ||
| 653 | _aOtorrinolaringología | ||
| 653 | _aGinecología y obstetricia | ||
| 653 | _aPediatría | ||
| 653 | _aGeriatría | ||
| 653 | _aProcedimientos | ||
| 653 | _aGestión | ||
| 653 | _aMedicina legal | ||
| 653 | _aPrevención | ||
| 653 | _aÉtica | ||
| 653 | _aApéndice | ||
| 700 | 1 |
_94298 _aGarcia, Eduardo. _eEd. |
|
| 942 |
_2ddc _cBK |
||
| 999 |
_c3241 _d3241 |
||